000 00399nam a2200157Ia 4500
003 GCL
008 140319s9999 xx 000 0 eng d
040 _aGCL /
_cGCL
082 0 4 _a860
_bL C
100 1 _aLORCA, FEDERICO
245 1 0 _aCONFERENCIAS /
_cLORCA, FEDERICO
260 _a[S.N] :
_bA LIANZA EDITORIAL ،
_c1984
650 0 4 _aLITERATURE
650 0 4 _aSPANISH LITERATURE
942 _2ddc
_cBK
999 _c23641
_d23641